000 00631nam a2200229Ia 4500
003 OSt
005 20220924124628.0
006 a|||||r|||| 00| 0
007 ta
008 220923b |||||||| |||| 00| 0 mar d
024 _a342207
037 _cTextual
040 _aARTS
_cARTS
_bmar
041 _2mar
_amar
082 _aO168,1:gxM37,1, 155L1
100 _aKulkarni S.R.
_9196442
245 0 _aKavya ani kavita
260 _aNew Delhi
_b Sahitya Akademi India
_c1971
650 _aURDU LITERATURE
942 _hO168,1:gxM37,1, 155L1
_cTEXL
_2CC
999 _c420303
_d420303